|
|
|
|
| LEADER |
03692nam a2200841 i 4500 |
| 001 |
nkc20203277360 |
| 003 |
CZ PrNK |
| 005 |
20250912140239.0 |
| 007 |
ta |
| 008 |
201222t20202020xr ach e c 001 0dcze |
| 015 |
|
|
|a cnb003277360
|
| 020 |
|
|
|a 978-80-85321-90-6
|q (brožováno)
|
| 035 |
|
|
|a (OCoLC)1260124246
|
| 040 |
|
|
|a BOA001
|b cze
|e rda
|
| 041 |
1 |
|
|a cze
|a ger
|b eng
|h cze
|h ger
|
| 043 |
|
|
|a e-xr---
|b e-xr-us
|2 czenas
|
| 045 |
|
|
|a x3x3
|
| 072 |
|
7 |
|a 72/76
|x Výtvarné umění
|2 Konspekt
|9 21
|
| 080 |
|
|
|a 069:061.2
|2 MRF
|
| 080 |
|
|
|a 72/76(437.3)
|2 MRF
|
| 080 |
|
|
|a 72/76(430)
|2 MRF
|
| 080 |
|
|
|a 7.036/.038
|2 MRF
|
| 080 |
|
|
|a 72/76.071.1
|2 MRF
|
| 080 |
|
|
|a 72/76:069.5
|2 MRF
|
| 080 |
|
|
|a 72/76:069.9
|2 MRF
|
| 080 |
|
|
|a 94(437.315)
|2 MRF
|
| 080 |
|
|
|a (437.3)
|2 MRF
|
| 080 |
|
|
|a (083.824)
|2 MRF
|
| 245 |
0 |
0 |
|a Umění v nouzi!? :
|b Sekce pro výtvarné umění Muzejní společnosti Teplice-Šanov 1932-1938 = Kunst in Not!? : Sektion für bildende Kunst der Museums-Gesellschaft Teplitz-Schönau 1932-1938 /
|c Bohuslava Chleborádová ed. ; překlad do němčiny Anna Ohlidal, překlad do češtiny Dana Marková
|
| 246 |
3 |
1 |
|a Kunst in Not!?
|
| 250 |
|
|
|a Vydání první
|
| 264 |
|
1 |
|a V Teplicích :
|b Regionální muzeum,
|c [2020]
|
| 264 |
|
4 |
|c ©2020
|
| 300 |
|
|
|a 160 stran :
|b ilustrace (některé barevné), portréty, faksimile ;
|c 27 cm
|
| 336 |
|
|
|a text
|b txt
|2 rdacontent
|
| 336 |
|
|
|a statický obraz
|b sti
|2 rdacontent
|
| 337 |
|
|
|a bez média
|b n
|2 rdamedia
|
| 338 |
|
|
|a svazek
|b nc
|2 rdacarrier
|
| 500 |
|
|
|a Vydáno dodatečně ke stejnojmenné výstavě konané ve dnech 27.9.2019-23.2.2020 v Regionálním muzeu v Teplicích
|
| 500 |
|
|
|a Životopisná data, přehled výstav a zastoupení ve sbírkách
|
| 504 |
|
|
|a Obsahuje bibliografie, bibliografické odkazy a rejstřík
|
| 546 |
|
|
|a Souběžný německý text, anglické resumé
|
| 610 |
2 |
7 |
|a Museumsgesellschaft (Teplice, Česko).
|b Sektion für bildende Kunst
|7 mzk20211115079
|2 czenas
|
| 648 |
|
7 |
|a 20. století
|7 ch460558
|2 czenas
|
| 648 |
|
4 |
|a 1932-1938
|
| 650 |
0 |
7 |
|a muzejní společnosti
|7 ph135872
|z Česko
|y 20. století
|2 czenas
|
| 650 |
0 |
7 |
|a české výtvarné umění
|7 ph116865
|y 20. století
|2 czenas
|
| 650 |
0 |
7 |
|a německé výtvarné umění
|7 ph123525
|y 20. století
|2 czenas
|
| 650 |
0 |
7 |
|a moderní umění
|7 ph115340
|z Česko
|2 czenas
|
| 650 |
0 |
7 |
|a výtvarní umělci
|7 ph116709
|y 20. století
|2 czenas
|
| 650 |
0 |
7 |
|a umělecké sbírky
|7 ph135222
|z Česko
|y 20. století
|2 czenas
|
| 650 |
0 |
7 |
|a umělecké výstavy
|7 ph135854
|z Česko
|y 20. století
|2 czenas
|
| 650 |
0 |
9 |
|a museum societies
|z Czechia
|y 20th century
|2 eczenas
|
| 650 |
0 |
9 |
|a Czech art
|y 20th century
|2 eczenas
|
| 650 |
0 |
9 |
|a German art
|y 20th century
|2 eczenas
|
| 650 |
0 |
9 |
|a modern art
|z Czechia
|2 eczenas
|
| 650 |
0 |
9 |
|a artists
|y 20th century
|2 eczenas
|
| 650 |
0 |
9 |
|a art collections
|z Czechia
|y 20th century
|2 eczenas
|
| 650 |
0 |
9 |
|a art exhibitions
|z Czechia
|y 20th century
|2 eczenas
|
| 651 |
|
7 |
|a Teplice (Česko)
|7 ge131058
|x dějiny
|y 20. století
|2 czenas
|
| 651 |
|
9 |
|a Teplice (Czechia)
|x history
|y 20th century
|2 eczenas
|
| 655 |
|
7 |
|a katalogy výstav
|7 fd132536
|2 czenas
|
| 655 |
|
9 |
|a exhibition catalogs
|2 eczenas
|
| 700 |
1 |
|
|a Chleborádová, Bohuslava,
|d 1958-
|7 xx0080694
|4 edt
|
| 700 |
1 |
|
|a Ohlídal, Anna,
|d 1966-
|7 xx0015397
|4 trl
|
| 700 |
1 |
|
|a Marková, Dana
|4 trl
|
| 710 |
2 |
|
|a Regionální muzeum (Teplice, Česko)
|7 olak2002158651
|4 orm
|4 isb
|
| 910 |
2 |
|
|a BOA001
|b 3-1463.542
|b KPB-0000.743
|
| 928 |
9 |
|
|a Regionální muzeum v Teplicích
|
| 990 |
|
|
|a BK
|
| 995 |
|
|
|a 01
|
| 991 |
|
|
|b 202105
|c NOV
|
| 996 |
6 |
|
|b 2610861688
|c 3-1463.542
|l MZK
|r Sklad / do 1 hodiny
|n 0
|p p.v.
|w 001847600
|u 000010
|a 1
|e BOA001
|j MZK50
|s P
|